LEADER 00970nam a2200265 i 4500 001 991002671999707536 005 20020508204117.0 008 010704s1975 it 00| 0 ita d 035 $ab11043751-39ule_inst 035 $aPARLA166926$9ExL 040 $aDip.to Filosofia$bita 082 0 $a152.47 100 1 $aStorr, Anthony$0212837 245 13$aLa distruttività nell'uomo /$cAnthony Storr 260 $aRoma :$bAstrolabio,$c1975 300 $a87 p. ;$c21 cm 490 0 $aPsiche e coscienza 650 4$aAggressività 907 $a.b11043751$b23-02-17$c28-06-02 912 $a991002671999707536 945 $aLE005IF XXXI E 36$g1$iLE005IFA-10252$lle005$o-$pE0.00$q-$rl$s- $t0$u0$v0$w0$x0$y.i11167270$z28-06-02 945 $aLE022 MPs-S 130 A 26$g1$i2022000198707$lle022$o-$pE0.00$q-$rl$s- $t0$u0$v0$w0$x0$y.i13540932$z17-06-04 996 $aDistruttività nell'uomo$9859038 997 $aUNISALENTO 998 $ale005$ale022$b01-01-01$cm$da $e-$fita$git $h3$i1 LEADER 02624nam 2200673Ia 450 001 9910145655003321 005 20200520144314.0 010 $a9786612067990 010 $a9781282067998 010 $a1282067990 010 $a9789048508358 010 $a9048508355 024 8 $a10.5117/9789089640864 035 $a(CKB)1000000000716052 035 $a(EBL)419912 035 $a(OCoLC)437106844 035 $a(SSID)ssj0000101544 035 $a(PQKBManifestationID)11999166 035 $a(PQKBTitleCode)TC0000101544 035 $a(PQKBWorkID)10043923 035 $a(PQKB)11773206 035 $a(MiAaPQ)EBC419912 035 $a(ScCtBLL)0b152ba1-4472-44ab-935b-5630b6d5321f 035 $a(OCoLC)1159391701 035 $a(EXLCZ)991000000000716052 100 $a20080104d2009 uy 0 101 0 $adut 135 $aurmn#---||||| 181 $ctxt$2rdacontent 182 $cc$2rdamedia 183 $acr$2rdacarrier 200 10$aAls ze maar van me Afblijven $eEen onderzoek naar antihomoseksueel geweld in Amsterdam /$fLaurens Bujis, Dr. Gert Hekma, Prof. dr. Jan Willem Duyvendak 205 $a1st ed. 210 $aAmsterdam $cAmsterdam University Press$d2009 215 $a1 online resource (152 pages) 300 $aDescription based upon print version of record. 311 08$a9789089640864 311 08$a908964086X 327 $aInhoudsopgave; Samenvatting; Voorwoord; 1 Inleiding; 2 Verklaringen voor antihomoseksueel geweld; 3 Antihomoseksueel geweld in cijfers; 4 Jongeren in Amsterdam: enque?te op middelbare scholen; 5 Risicojongeren: focusgroepen; 6 Daders: analyse van dossiers & interviews; 7 Conclusies; Literatuur; Bijlage 1 Overzicht variabelen dossiers & interviews; Bijlage 2 Korte beschrijving onderzochte incidenten; English summary 330 $aAls ze maar van me afblijven is een studie naar de motieven van daders van geweld tegen homo's in de hoofdstad. 606 $aGay people$xViolence against$zNetherlands$zAmsterdam 606 $aHomophobia$zNetherlands$zAmsterdam 606 $aGay people$xViolence against$xSociological aspects 615 0$aGay people$xViolence against 615 0$aHomophobia 615 0$aGay people$xViolence against$xSociological aspects. 676 $a301 676 $a305.9 676 $a305.90664 700 $aBujis$b Laurens$0975663 701 $aHekma$b Gert$0975664 701 $aDuyvendak$b Jan Willem$0800793 801 0$bMiAaPQ 801 1$bMiAaPQ 801 2$bMiAaPQ 906 $aBOOK 912 $a9910145655003321 996 $aAls ze maar van me Afblijven$92221752 997 $aUNINA LEADER 01373nam2 22003373i 450 001 UBO3263546 005 20251003044423.0 100 $a20230906d2006 ||||0itac50 ba 101 | $aita 102 $ait 181 1$6z01$ai $bxxxe 182 1$6z01$an 183 1$6z01$anc$2RDAcarrier 200 1 $aAutori di ragioneria a Palermo$e17.-18. secolo$fa cura di Claudio Lipari 210 $aPalermo$cFacoltà di economia, Biblioteca centrale$dstampa 2006 215 $a275 p.$d24 cm 300 $aIn testa al front.: Annali della Facoltà di economia, Università degli studi di Palermo 300 $aNumero speciale, anno 2006, volume 1. 311 $aNumero speciale, vol. 1, anno 2006$9UBO3263631 461 0$1001UBO3263631$12001 $aAnnali della Facoltà di Economia, Università degli studi di Palermo 606 $aRagioneria$xStoria$2FIR$3CFIC004556$9I 676 $a657$9CONTABILITA$v23 676 $a657.092$9CONTABILITA. Biografia$v23 702 1$aLipari$b, Claudio$f <1945- >$3CFIV108730 801 3$aIT$bIT-000000$c20230906 850 $aIT-BN0095 912 $aUBO3263546 950 2$aBiblioteca Centralizzata di Ateneo$c1 v.$d 01POZZO LIB.DONI DEMM 454$e 01 0000086645E VMA 1 v.$fB $h20221125$i20221125 977 $a 01 996 $aAutori di ragioneria a Palermo$91017078 997 $aUNISANNIO